000 00739nam a22002177a 4500
003 PILC
005 20150112093426.0
008 130227t xxu||||| |||| 00| 0 eng d
020 _a9780760069615
050 _aHF 5548.4.M525
_b.P267 2000
082 _aCSF 005.46
_bM58 2000
100 _aParson, June Jamrich
_97160
245 _aNew perspective on Microsoft Office 2000 professional /
_cJune Jamrich Parson [et al.]
260 _aCambridge, MA :
_bCourse Technology,
_c2000.
300 _a952 pages :
_billustration ;
_c25 cm.
440 _aNew perspective on microsoft office 2000 professional.
_97161
500 _aIncludes index.
650 _aMicrosoft Office 2000
_97177
651 _xComputer software
_97178
942 _2lcc
_cBK
999 _c14199
_d14199